| 000 | 04340nam a2200817 a 4500 | ||
|---|---|---|---|
| 005 | 20240429134249.0 | ||
| 008 | 100310s2011||||sp a f 001 0 sp d | ||
| 020 | _a9788492977215 | ||
| 041 | _aspa | ||
| 092 |
_c616.025 _l5 _sAYU |
||
| 100 | 1 |
_aAyuso Baptista, F. _eDir. _q(Fernando) _92582 |
|
| 245 |
_aManejo inicial del paciente traumatizado grave. _bUrgencias y emergencias / _cF. Ayuso Baptista |
||
| 250 | _a1a ed. | ||
| 260 |
_aMadrid: _bAran; _c2011. |
||
| 300 |
_a837 p. _bil. |
||
| 500 | _aAyuso Baptista, F. (Dir.). (2011). Manejo inicial del paciente traumatizado grave. Urgencias y emergencias. (1a ed.). Madrid : Aran ediciones. | ||
| 653 | _aSistema integral de urgencias y emergencias en la atención al trauma grave. Connotaciones especiales de la asistencia prehospitalaria | ||
| 653 | _aSistemas de atención al trauma. Visión histórica | ||
| 653 | _aEpidemiología de la enfermedad traumática grave | ||
| 653 | _aMedidas de prevención en el paciente traumatizado grave | ||
| 653 | _aMuerte evitable en trauma grave. Lesiones previsibles | ||
| 653 | _aSeguridad clínica en la atención al paciente traumatizado grave | ||
| 653 | _aMedicina basada en la evidencia en la atención inicial al trauma grave | ||
| 653 | _aCalidad asistencial en el paciente traumático grave | ||
| 653 | _aAspectos básicos de la coordinación ante una demanda asistencial | ||
| 653 | _aBiomecánica del accidente de tráfico | ||
| 653 | _aValoración de la escena | ||
| 653 | _aMedidas de seguridad de los equipos actuantes | ||
| 653 | _aTransporte sanitario en el trauma | ||
| 653 | _aAtención inicial al trauma por equipos asistenciales prehospitalarios. Prioridades. Valoración primaria y secundaria | ||
| 653 | _aAtención al trauma grave en los servicios de urgencias hospitalarios | ||
| 653 | _aCuidados de enfermeria al paciente traumatizado grave | ||
| 653 | _aOxigenoterapia y manejo básico de la vía aérea en el trauma grave | ||
| 653 | _aintubación de secuencia rápida (IRS) en el paciente traumático grave | ||
| 653 | _aVentilación mecánica en el paciente traumático grave | ||
| 653 | _aShock en el paciente traumatizado grave | ||
| 653 | _aAsistencia inicial al traumatismo craneoencefálico | ||
| 653 | _aTraumatismo maxilofacial | ||
| 653 | _aTAC de cráneo en el traumatismo craneoencefálico | ||
| 653 | _aValoración y resucitación inical del trauma torácico grave | ||
| 653 | _aRadiología de tórax en pacientes traumáticos graves | ||
| 653 | _aTraumatismo abdominal y pélvico | ||
| 653 | _aTAC en el traumatismo toracoabdominal | ||
| 653 | _aEcografía abdominal de urgencias en el paciente traumático grave | ||
| 653 | _aTraumatismo raquimedular | ||
| 653 | _aRadiología de columna | ||
| 653 | _aTraumatismo de las extremidades | ||
| 653 | _aTécnicas traumatológicas en un servicio de urgencias. Reducción de fracturas y luxaciones. Artrocentesis | ||
| 653 | _aLesiones térmicas, eléctricas y químicas | ||
| 653 | _aCongelación e hipotermia | ||
| 653 | _aPaciente ahogado | ||
| 653 | _aSíndrome de onda expansiva (SOE). Aplastamiento. Amputaciones | ||
| 653 | _aConnotaciones especiales del trauma grave en gestantes. Cesárea port mortem | ||
| 653 | _aManejo inicial del trauma pediátrico grave I | ||
| 653 | _aManejo inicial del trauma pediátrico grave II | ||
| 653 | _aMaltrato infantil | ||
| 653 | _aManejo inicial del trauma grave en el anciano | ||
| 653 | _aParada cardiorrespiratoria en el paciente traumático grave | ||
| 653 | _aAnalgesia en paciente traumático grave | ||
| 653 | _aVías alternativas de analgesia en el paciente con dolor agudo traumático | ||
| 653 | _aBloqueos nerviosos | ||
| 653 | _aSedación del paciente traumático grave | ||
| 653 | _aBloqueantes neuromusculares en el paciente traumático grave | ||
| 653 | _aInmovilización y movilización de pacientes traumáticos graves | ||
| 653 | _aSistemas de puntuación de gravedad en lesionados traumáticos | ||
| 653 | _aFundamentos básicos para la atención sanitaria a las catástrofes | ||
| 653 | _aFundamentos básicos de triage en situaciones de emergencias | ||
| 653 | _aFundamentos de logística sanitaria en situaciones de catástrofes | ||
| 653 | _aFormación en trauma grave | ||
| 942 |
_2ddc _cBK |
||
| 999 |
_c1610 _d1610 |
||